[Event "Fuengirola Uni rapid op"]
[Site "Fuengirola"]
[Date "2017.09.21"]
[Round "1"]
[White "Nenezic, Marko"]
[Black "Monev, Aleksandar"]
[Result "1-0"]
[WhiteElo "2490"]
[BlackElo "2224"]
[PlyCount "109"]
[EventDate "2017.09.21"]
[EventType "swiss (rapid)"]
[EventRounds "9"]
[EventCountry "ESP"]
[SourceTitle "CBM 180 Extra"]
[Source "ChessBase"]
[SourceDate "2017.10.06"]
[SourceVersion "1"]
[SourceVersionDate "2017.10.06"]
[SourceQuality "1"]

1. Nf3 d5 2. d4 Bf5 3. c4 e6 4. Nc3 c6 5. Bf4 Bd6 6. Bxd6 Qxd6 7. Qb3 Qe7 8. g3 Nf6 9. Bg2 0-0 10. 0-0 Ne4 11. Rfe1 Na6 12. a3 Rfd8 13. Rac1 h6 14. Qa2 Bh7 15. Ne5 Nxc3 16. bxc3 Nc7 17. a4 Ne8 18. cxd5 exd5 19. c4 dxc4 20. Qxc4 Nd6 21. Qb4 Nf5 22. Qxe7 Nxe7 23. e3 f6 24. Nc4 Nd5 25. Na5 Rab8 26. Re2 Nb6 27. Rb2 Bg6 28. Bxc6 bxc6 29. Nxc6 Ra8 30. Nxd8 Rxd8 31. a5 Nd5 32. Rb7 a6 33. g4 Bd3 34. h3 Be4 35. Ra7 Bd3 36. Rc5 Kf8 37. Kh2 Kg8 38. Kg3 Kf8 39. h4 Kg8 40. h5 Kf8 41. f3 f5 42. Kf2 fxg4 43. e4 Nf6 44. Ke3 Bb5 45. Rcc7 Rd7 46. Rxd7 Nxd7 47. fxg4 Ke7 48. d5 Kf6 49. Kf4 Ne5 50. Rb7 Nc4 51. e5+ Nxe5 52. Rb6+ Ke7 53. Kxe5 Be2 54. Rb7+ Kf8 55. Kf4 1-0

[Event "Varsity Oxbridge m 135th"]
[Site "London"]
[Date "2017.03.11"]
[Round "1.5"]
[White "Leon Cazares, Gustavo"]
[Black "Monev, Aleksandar"]
[Result "1/2-1/2"]
[WhiteElo "2059"]
[BlackElo "2224"]
[PlyCount "185"]
[EventDate "2017.03.11"]
[EventType "team-match"]
[EventRounds "1"]
[EventCountry "ENG"]
[SourceTitle "CBM 177 Extra"]
[Source "ChessBase"]
[SourceDate "2017.04.27"]
[SourceVersion "1"]
[SourceVersionDate "2017.04.27"]
[SourceQuality "1"]
[WhiteTeam "Cambridge Univeristy"]
[BlackTeam "Oxford Univeristy"]
[WhiteTeamCountry "ENG"]
[BlackTeamCountry "ENG"]

1. e4 c5 2. c3 Nf6 3. e5 Nd5 4. Nf3 e6 5. Bc4 Nb6 6. Bb3 d6 7. exd6 Bxd6 8. d4 0-0 9. 0-0 Bd7 10. Be3 Qe7 11. Nbd2 Bc6 12. Re1 h6 13. Qe2 N8d7 14. Rad1 Nd5 15. Ne4 Nxe3 16. Qxe3 Bxe4 17. Qxe4 Nf6 18. Qh4 Qc7 19. dxc5 Bxc5 20. Nd4 Rad8 21. g3 Qb6 22. Re2 Bxd4 23. cxd4 Rd6 24. Qf4 Rfd8 25. Red2 Qa5 26. Qf3 Qb4 27. Qe3 Nd5 28. Qf3 Ne7 29. Rd3 Nc6 30. a3 Qb6 31. Ba4 Nxd4 32. Qe4 Qxb2 33. Kg2 Nf5 34. Rxd6 Rxd6 35. Rb1 Qxa3 36. Rb3 Qc5 37. Qxb7 Qd5+ 38. Qxd5 Rxd5 39. Rb8+ Kh7 40. Rb7 Kg6 41. Rxa7 Kf6 42. h4 g5 43. hxg5+ hxg5 44. Bb3 Rd2 45. Ra2 Rd8 46. Bc4 Ne7 47. Be2 Nc6 48. Bh5 Rd4 49. Rc2 Ne5 50. Be2 g4 51. Ra2 Kg7 52. Ra5 Re4 53. Kf1 f5 54. Ra6 Kf6 55. Ra2 Nf7 56. Rc2 Ng5 57. Kg2 Rd4 58. Ra2 Ne4 59. Rb2 Nc3 60. Rc2 Nd5 61. Kf1 Rb4 62. Bc4 Rb1+ 63. Kg2 Ne7 64. Re2 Rb6 65. Ra2 Rb4 66. Rc2 Ng6 67. Be2 Ne5 68. Ra2 Rb1 69. Rc2 Re1 70. Ra2 Nc6 71. Rd2 Ke5 72. Ba6 Nd4 73. Rb2 Kf6 74. Bb7 e5 75. f3 gxf3+ 76. Bxf3 Nxf3 77. Kxf3 Ra1 78. Kf2 Ra3 79. Rb8 e4 80. Re8 Ra2+ 81. Kf1 Kg5 82. Rg8+ Kf6 83. Re8 Ra6 84. Kf2 Re6 85. Ra8 Kg5 86. Rg8+ Rg6 87. Rh8 f4 88. gxf4+ Kxf4 89. Rh3 Rb6 90. Ra3 Rb2+ 91. Ke1 e3 92. Ra8 Kf3 93. Rf8+ 1/2-1/2

[Event "Teteven op 31st"]
[Site "Teteven"]
[Date "2016.08.19"]
[Round "7"]
[White "Monev, Aleksandar"]
[Black "Dereshki, Dario"]
[Result "1-0"]
[WhiteElo "2167"]
[BlackElo "2004"]
[PlyCount "55"]
[EventDate "2016.08.13"]
[EventType "swiss"]
[EventRounds "9"]
[EventCountry "BUL"]
[SourceTitle "CBM 173 Extra"]
[Source "ChessBase"]
[SourceDate "2016.08.29"]
[SourceVersion "1"]
[SourceVersionDate "2016.08.29"]
[SourceQuality "1"]

1. c4 e5 2. Nc3 Nc6 3. g3 g6 4. Bg2 Bg7 5. e3 Nge7 6. Nge2 0-0 7. 0-0 d6 8. d3 f5 9. f4 Be6 10. Nd5 Bf7 11. Nec3 Re8 12. Rb1 exf4 13. gxf4 Qc8 14. Qf3 Rb8 15. Bd2 a6 16. Kh1 b5 17. b3 b4 18. Ne2 Qd7 19. Rbc1 a5 20. Qf2 Nd8 21. e4 Ne6 22. Be3 c6 23. Nxe7+ Rxe7 24. Bh3 Qe8 25. Ng3 Nd8 26. Rce1 fxe4 27. dxe4 Rxe4 28. Ba7 1-0

[Event "Kesarovski Georgiev Memorial 13th"]
[Site "Sunny Beach"]
[Date "2014.09.13"]
[Round "8"]
[White "Monev, Aleksandar"]
[Black "Michna, Marta"]
[Result "0-1"]
[WhiteElo "2144"]
[BlackElo "2337"]
[PlyCount "70"]
[EventDate "2014.09.06"]
[EventType "swiss"]
[EventRounds "9"]
[EventCountry "BUL"]
[SourceTitle "CBM 162 Extra"]
[Source "ChessBase"]
[SourceDate "2014.10.17"]
[SourceVersion "1"]
[SourceVersionDate "2014.10.17"]
[SourceQuality "1"]

1. e4 d6 2. d4 Nf6 3. Nc3 c6 4. f4 Qa5 5. Bd3 e5 6. Nf3 Bg4 7. dxe5 dxe5 8. 0-0 Nbd7 9. Kh1 Bd6 10. Bd2 Qc7 11. f5 Nc5 12. Qe1 Rd8 13. Nh4 Be7 14. h3 h5 15. Bg5 Nxd3 16. cxd3 Rxd3 17. hxg4 hxg4 18. Rd1 Rxd1 19. Nxd1 g3 20. Nc3 Ng4 21. Bxe7 Nf2+ 22. Rxf2 Qxe7 23. Kg1 Qxh4 24. Kf1 Qh1+ 25. Ke2 Qxe1+ 26. Kxe1 gxf2+ 27. Kxf2 Rh1 28. Na4 b6 29. Ke3 Rc1 30. g4 Rc2 31. g5 Rg2 32. g6 fxg6 33. fxg6 Rxg6 34. Kf3 Rf6+ 35. Ke3 g5 0-1

[Event "Kesarovski Georgiev Memorial 13th"]
[Site "Sunny Beach"]
[Date "2014.09.10"]
[Round "5"]
[White "Vasilev, Milen"]
[Black "Monev, Aleksandar"]
[Result "1/2-1/2"]
[WhiteElo "2486"]
[BlackElo "2144"]
[PlyCount "103"]
[EventDate "2014.09.06"]
[EventType "swiss"]
[EventRounds "9"]
[EventCountry "BUL"]
[SourceTitle "CBM 162 Extra"]
[Source "ChessBase"]
[SourceDate "2014.10.17"]
[SourceVersion "1"]
[SourceVersionDate "2014.10.17"]
[SourceQuality "1"]

1. d4 Nf6 2. Nf3 g6 3. c4 Bg7 4. g3 0-0 5. Bg2 d6 6. Nc3 Nc6 7. 0-0 a6 8. h3 Rb8 9. e4 Nd7 10. Be3 e5 11. d5 Ne7 12. Ne1 f5 13. Nd3 Nf6 14. Kh2 fxe4 15. Nxe4 Nxe4 16. Bxe4 Nf5 17. Qd2 Nxe3 18. Qxe3 Bf5 19. c5 Qd7 20. g4 Bxe4 21. Qxe4 Bh6 22. a4 Rf6 23. Ra3 Qf7 24. Kg2 Bf4 25. Rc3 Rf8 26. b4 c6 27. dxc6 d5 28. Qe2 bxc6 29. f3 Re8 30. b5 axb5 31. axb5 e4 32. fxe4 Rxe4 33. Qb2 d4 34. Ra3 Qd5 35. Rf3 Re3 36. Qb3 Rxf3 37. Qxd5+ cxd5 38. Ra8+ Bb8 39. Rxb8+ Kg7 40. Rb7+ Kh6 41. Ne5 Rf2+ 42. Kg3 g5 43. h4 gxh4+ 44. Kxh4 Rh2+ 45. Kg3 d3 46. Nxd3 Re2 47. Nb4 Re3+ 48. Kh4 Rff3 49. Rb6+ Kg7 50. Rb7+ Kg6 51. Rb6+ Kg7 52. Rb7+ 1/2-1/2

[Event "Kesarovski Georgiev Memorial 13th"]
[Site "Sunny Beach"]
[Date "2014.09.09"]
[Round "4"]
[White "Monev, Aleksandar"]
[Black "Naboka, Sergey"]
[Result "0-1"]
[WhiteElo "2144"]
[BlackElo "2302"]
[PlyCount "76"]
[EventDate "2014.09.06"]
[EventType "swiss"]
[EventRounds "9"]
[EventCountry "BUL"]
[SourceTitle "CBM 162 Extra"]
[Source "ChessBase"]
[SourceDate "2014.10.17"]
[SourceVersion "1"]
[SourceVersionDate "2014.10.17"]
[SourceQuality "1"]

1. e4 c5 2. Nf3 e6 3. b3 Nc6 4. Bb2 a6 5. c4 Qc7 6. g3 b6 7. Bg2 Bb7 8. 0-0 d6 9. d4 cxd4 10. Nxd4 Nf6 11. Nc3 Nxd4 12. Qxd4 Be7 13. Na4 b5 14. cxb5 axb5 15. Nc3 Bc6 16. b4 0-0 17. a3 Qb7 18. h3 Rfd8 19. Kh2 Bf8 20. Rfe1 Nd7 21. f4 Nb6 22. Bf1 e5 23. Qe3 exf4 24. Qxf4 d5 25. exd5 Nxd5 26. Nxd5 Rxd5 27. Rad1 Qd7 28. Be2 Rd8 29. Bc3 Rxd1 30. Rxd1 Qe6 31. Bg4 Rxd1 32. Bxd1 Qd5 33. Qf1 h5 34. h4 Bd6 35. Be2 Qe4 36. Kh3 Bd7+ 37. Kh2 Qxh4+ 38. Kg1 Qxg3+ 0-1

[Event "Teteven op 29th"]
[Site "Teteven"]
[Date "2014.08.14"]
[Round "6"]
[White "Monev, Aleksandar"]
[Black "Ryabov, Igor"]
[Result "1-0"]
[WhiteElo "2168"]
[BlackElo "1956"]
[PlyCount "109"]
[EventDate "2014.08.09"]
[EventType "swiss"]
[EventRounds "9"]
[EventCountry "BUL"]
[SourceTitle "CBM 162 Extra"]
[Source "ChessBase"]
[SourceDate "2014.10.17"]
[SourceVersion "1"]
[SourceVersionDate "2014.10.17"]
[SourceQuality "1"]

1. e4 e5 2. Nf3 Nc6 3. Bb5 Nf6 4. 0-0 Nxe4 5. d4 Nd6 6. Bxc6 dxc6 7. dxe5 Nf5 8. Qxd8+ Kxd8 9. Nc3 h6 10. Rd1+ Ke8 11. b3 Be6 12. Bb2 Rd8 13. Ne2 Rxd1+ 14. Rxd1 Be7 15. Nf4 h5 16. Nxe6 fxe6 17. Bc1 Bc5 18. Ng5 Ke7 19. Ne4 Bd4 20. Bg5+ Kf7 21. Bf4 Re8 22. c3 Bb6 23. Bg5 a5 24. Rd7+ Kg6 25. Bd8 a4 26. bxa4 Ba5 27. Bxc7 Bxc7 28. Rxc7 Rd8 29. g3 h4 30. Kg2 hxg3 31. hxg3 Rd5 32. Rxb7 Rxe5 33. Rb4 Ra5 34. Rc4 Re5 35. Kf3 Ne7 36. Rc5 Rd5 37. a5 Rd7 38. a6 Ra7 39. Rg5+ Kf7 40. Ra5 e5 41. Nc5 Nd5 42. Ra3 Ke7 43. Rb3 Kd6 44. Rb7 Rxb7 45. axb7 Kc7 46. a4 Nf6 47. a5 g5 48. a6 Kb8 49. c4 Ka7 50. Ke3 Kb8 51. f3 Ka7 52. Kd3 Kb8 53. Kc3 Ka7 54. Kb4 Kb8 55. Ka5 1-0

[Event "Teteven op 29th"]
[Site "Teteven"]
[Date "2014.08.10"]
[Round "2"]
[White "Monev, Aleksandar"]
[Black "Krastev, Krasimir"]
[Result "1-0"]
[WhiteElo "2168"]
[BlackElo "1915"]
[PlyCount "61"]
[EventDate "2014.08.09"]
[EventType "swiss"]
[EventRounds "9"]
[EventCountry "BUL"]
[SourceTitle "CBM 162 Extra"]
[Source "ChessBase"]
[SourceDate "2014.10.17"]
[SourceVersion "1"]
[SourceVersionDate "2014.10.17"]
[SourceQuality "1"]

1. e4 d5 2. exd5 Nf6 3. d4 Nxd5 4. Nf3 Bg4 5. Be2 e6 6. Ne5 Bxe2 7. Qxe2 c6 8. 0-0 Be7 9. c4 Nf6 10. Be3 0-0 11. Nc3 Nbd7 12. Rad1 Re8 13. f4 Qa5 14. Kh1 Rad8 15. Rd3 a6 16. a3 Qc7 17. Rfd1 b5 18. c5 Nd5 19. Nxd5 exd5 20. Qh5 g6 21. Qh3 Nf6 22. Rf1 Bf8 23. f5 Bg7 24. Bg5 Rxe5 25. dxe5 Qxe5 26. Rdf3 Rf8 27. Bxf6 Bxf6 28. fxg6 fxg6 29. Re3 Qc7 30. Qe6+ Kg7 31. Ref3 1-0

[Event "Sunny Beach op 10th"]
[Site "Sunny Beach"]
[Date "2011.08.31"]
[Round "5"]
[White "Monev, Aleksandar"]
[Black "Genchev, Evgeni"]
[Result "1-0"]
[WhiteElo "2135"]
[BlackElo "1856"]
[PlyCount "101"]
[EventDate "2011.08.27"]
[EventType "swiss"]
[EventRounds "9"]
[EventCountry "BUL"]
[SourceTitle "CBM 144 Extra"]
[Source "ChessBase"]
[SourceDate "2011.10.28"]
[SourceVersion "1"]
[SourceVersionDate "2011.10.28"]
[SourceQuality "1"]

1. e4 c5 2. Nf3 a6 3. Nc3 Nc6 4. d4 cxd4 5. Nxd4 e5 6. Nxc6 bxc6 7. Bd3 Nf6 8. 0-0 d5 9. Qe2 Bd6 10. Bg5 d4 11. Na4 0-0 12. b3 Be7 13. Nb2 Be6 14. Bxf6 gxf6 15. Bxa6 f5 16. Bc4 Ba3 17. Bxe6 Bxb2 18. Rab1 fxe6 19. Rxb2 f4 20. Qg4+ Kh8 21. Qxe6 Qg5 22. f3 Rf6 23. Qe7 Rg8 24. c3 dxc3 25. Rc2 h5 26. Rd1 Rg7 27. Qc5 Rfg6 28. Qxc3 h4 29. h3 Qg3 30. Kh1 Qg5 31. Qd3 Kh7 32. a4 Qf6 33. b4 Qe6 34. Kh2 Rg3 35. Qf1 Qb3 36. Qd3 Qf7 37. b5 cxb5 38. axb5 Qf6 39. Qf1 R3g5 40. Rd5 Qb6 41. Qe1 Qh6 42. Rdc5 Qh5 43. Rc6 Rg3 44. Qf1 Qg5 45. b6 Qd8 46. Rc7 Qd6 47. Rxg7+ Kxg7 48. Qf2 Qb8 49. Qc5 Rg6 50. Qc7+ Qxc7 51. bxc7 1-0

[Event "Sunny Beach op 10th"]
[Site "Sunny Beach"]
[Date "2011.08.30"]
[Round "4"]
[White "Danek, Pavel"]
[Black "Monev, Aleksandar"]
[Result "0-1"]
[WhiteElo "1930"]
[BlackElo "2135"]
[PlyCount "64"]
[EventDate "2011.08.27"]
[EventType "swiss"]
[EventRounds "9"]
[EventCountry "BUL"]
[SourceTitle "CBM 144 Extra"]
[Source "ChessBase"]
[SourceDate "2011.10.28"]
[SourceVersion "1"]
[SourceVersionDate "2011.10.28"]
[SourceQuality "1"]

1. d4 d5 2. Nf3 e6 3. Bg5 Be7 4. Bxe7 Qxe7 5. c3 Nf6 6. Nbd2 Nbd7 7. e3 e5 8. dxe5 Nxe5 9. Nxe5 Qxe5 10. Nf3 Qe7 11. h3 0-0 12. Bd3 Ne4 13. Qc2 c6 14. a4 a5 15. 0-0 Bf5 16. Nd2 Bg6 17. Nxe4 dxe4 18. Be2 f5 19. Qb3+ Kh8 20. Rad1 f4 21. exf4 Rxf4 22. Bg4 Qc5 23. Rd4 Raf8 24. Qxb7 e3 25. Rxf4 Rxf4 26. Qb8+ Rf8 27. Qg3 Bd3 28. b4 axb4 29. cxb4 Qd4 30. Rd1 exf2+ 31. Kh2 f1Q 32. Rxf1 Bxf1 0-1

[Event "Sunny Beach op 10th"]
[Site "Sunny Beach"]
[Date "2011.08.29"]
[Round "3"]
[White "Monev, Aleksandar"]
[Black "Petrov, Vladimir Sergeev"]
[Result "0-1"]
[WhiteElo "2135"]
[BlackElo "1793"]
[PlyCount "120"]
[EventDate "2011.08.27"]
[EventType "swiss"]
[EventRounds "9"]
[EventCountry "BUL"]
[SourceTitle "CBM 144 Extra"]
[Source "ChessBase"]
[SourceDate "2011.10.28"]
[SourceVersion "1"]
[SourceVersionDate "2011.10.28"]
[SourceQuality "1"]

1. c4 Nf6 2. Nc3 c5 3. g3 d5 4. cxd5 Nxd5 5. Bg2 Nc7 6. d3 e5 7. Nf3 Nc6 8. 0-0 Be7 9. Nd2 Bd7 10. Nc4 f6 11. f4 b5 12. Bxc6 Bxc6 13. Na5 Bd7 14. fxe5 Bh3 15. Rf2 fxe5 16. e4 h5 17. Qf3 Bf6 18. Bg5 0-0 19. Qxh5 Bxg5 20. Rxf8+ Qxf8 21. Qxh3 Qf3 22. Qg2 Qxd3 23. Rf1 b4 24. Nd1 Qb5 25. Nb3 c4 26. Nd2 c3 27. Nb3 Qb6+ 28. Kh1 Qc6 29. bxc3 bxc3 30. Qc2 Nb5 31. Na5 Qa6 32. Qb3+ Kh8 33. Nc4 Nd6 34. Nce3 Bxe3 35. Nxe3 Qd3 36. Qd5 Qxe4+ 37. Qxe4 Nxe4 38. Rc1 Rc8 39. Kg2 Rf8 40. Rc2 Rf7 41. Ng4 Rb7 42. Kf3 Rb2 43. Ne3 Nd2+ 44. Kg4 Rxc2 45. Nxc2 g6 46. Kh3 Kg7 47. Kg2 Kf6 48. Ne3 Ke6 49. Kf2 e4 50. Ke2 Ke5 51. h3 Nf3 52. Nc4+ Kd4 53. Na3 Ng1+ 54. Kd1 Kd3 55. Nc2 e3 56. Nb4+ Kc4 57. Nc6 e2+ 58. Ke1 c2 59. Na5+ Kd3 60. Nb3 Nf3+ 0-1

[Event "Sunny Beach op 10th"]
[Site "Sunny Beach"]
[Date "2011.08.28"]
[Round "2"]
[White "Vojtek, Vladimir"]
[Black "Monev, Aleksandar"]
[Result "1-0"]
[WhiteElo "2298"]
[BlackElo "2135"]
[PlyCount "135"]
[EventDate "2011.08.27"]
[EventType "swiss"]
[EventRounds "9"]
[EventCountry "BUL"]
[SourceTitle "CBM 144 Extra"]
[Source "ChessBase"]
[SourceDate "2011.10.28"]
[SourceVersion "1"]
[SourceVersionDate "2011.10.28"]
[SourceQuality "1"]

1. e4 c5 2. Nf3 d6 3. c3 Nf6 4. h3 e6 5. Bd3 Nc6 6. Bc2 Be7 7. 0-0 0-0 8. Re1 e5 9. d4 cxd4 10. cxd4 exd4 11. Nxd4 Nxd4 12. Qxd4 Bd7 13. Nc3 Bc6 14. Bf4 Qc7 15. Rad1 Rfd8 16. b4 a6 17. Bb3 b5 18. Rc1 Qb7 19. Nd5 Bxd5 20. exd5 Rac8 21. Rc6 Nh5 22. Bd2 g6 23. Qb6 Qd7 24. Qxa6 Rb8 25. Qa5 Bh4 26. Bc2 Re8 27. Rxe8+ Qxe8 28. Qa7 Ra8 29. Qe3 Qxe3 30. Bxe3 Rxa2 31. Bd3 Be7 32. Bxb5 Rb2 33. Rc8+ Bf8 34. Bh6 Ng7 35. Bg5 f6 36. Bxf6 Rxb4 37. Be7 Kf7 38. Bxf8 Rxb5 39. Bxd6 Rxd5 40. Rc7+ Kf6 41. Bb4 Ne6 42. Rxh7 Nf4 43. g3 Rd1+ 44. Kh2 Nd5 45. Bc5 Kf5 46. Kg2 Rd2 47. Rf7+ Ke5 48. h4 Rc2 49. Ba7 Ra2 50. Kh3 Ke6 51. Rb7 Kf5 52. Bc5 Ke4 53. Rf7 Ke5 54. Rg7 Kf5 55. Rd7 Ke4 56. Be3 Nxe3 57. Re7+ Kf3 58. Rxe3+ Kxf2 59. Re6 g5 60. Rf6+ Ke3 61. hxg5 Ke4 62. g6 Ra7 63. Kg4 Ke5 64. Rf7 Ra6 65. Kg5 Ra8 66. g7 Ra3 67. g4 Ra8 68. Rf8 1-0

[Event "Teteven op 26th"]
[Site "Teteven"]
[Date "2011.08.19"]
[Round "7"]
[White "Monev, Aleksandar"]
[Black "Galunova, Tsveta"]
[Result "0-1"]
[WhiteElo "2135"]
[BlackElo "1977"]
[PlyCount "104"]
[EventDate "2011.08.13"]
[EventType "swiss"]
[EventRounds "9"]
[EventCountry "BUL"]
[SourceTitle "CBM 143 Extra"]
[Source "ChessBase"]
[SourceDate "2011.08.29"]
[SourceVersion "1"]
[SourceVersionDate "2011.08.29"]
[SourceQuality "1"]

1. e4 e5 2. Nf3 Nc6 3. Bb5 Nf6 4. 0-0 Bc5 5. c3 0-0 6. d4 Bb6 7. Re1 d6 8. h3 Qe7 9. Bg5 Nb8 10. Nbd2 c6 11. Bd3 Rd8 12. Nc4 Bc7 13. Qe2 h6 14. Bh4 g5 15. dxe5 dxe5 16. Bg3 Nbd7 17. b4 Nh5 18. Bh2 Nf4 19. Bxf4 gxf4 20. Kh1 Nf8 21. Bc2 Ng6 22. Ncd2 Kh7 23. a4 a5 24. Rab1 Rg8 25. Bb3 Nh4 26. Nxh4 Qxh4 27. Nf3 Qh5 28. Nh2 Qg6 29. Rg1 Bb6 30. Qf3 axb4 31. cxb4 Be6 32. g3 Bxb3 33. gxf4 Qe6 34. f5 Qc4 35. Rgc1 Bc2 36. Rb2 Bxf2 37. Ng4 Bxe4 38. Rxc4 Bxf3+ 39. Kh2 Bxg4 40. Rxf2 Bd1 41. f6 Rxa4 42. Re4 Rg5 43. h4 Rg4 44. Rxe5 Raxb4 45. Re7 Rxh4+ 46. Kg1 Rbg4+ 47. Rg2 Rxg2+ 48. Kxg2 Kg6 49. Rxb7 Kxf6 50. Kg3 Rg4+ 51. Kh3 Rg5 52. Rb1 Bg4+ 0-1

[Event "Teteven op 26th"]
[Site "Teteven"]
[Date "2011.08.18"]
[Round "6"]
[White "Kozhuharov, Spas"]
[Black "Monev, Aleksandar"]
[Result "1-0"]
[WhiteElo "2431"]
[BlackElo "2135"]
[PlyCount "105"]
[EventDate "2011.08.13"]
[EventType "swiss"]
[EventRounds "9"]
[EventCountry "BUL"]
[SourceTitle "CBM 143 Extra"]
[Source "ChessBase"]
[SourceDate "2011.08.29"]
[SourceVersion "1"]
[SourceVersionDate "2011.08.29"]
[SourceQuality "1"]

1. d4 d5 2. c4 e6 3. Nf3 c6 4. Qc2 Nf6 5. Bg5 Qa5+ 6. Bd2 Qc7 7. g3 Bd6 8. Nc3 Nbd7 9. c5 Be7 10. Bf4 Qd8 11. b4 a6 12. Bg2 0-0 13. 0-0 Re8 14. a4 Bf8 15. b5 Nh5 16. Bg5 f6 17. Bd2 f5 18. bxc6 bxc6 19. a5 g6 20. Na4 Bg7 21. Nb6 Nxb6 22. cxb6 Bb7 23. Rac1 Rc8 24. e3 Qe7 25. Ne1 Nf6 26. Nd3 Nd7 27. Bb4 Qf7 28. Bd6 e5 29. dxe5 Nxe5 30. Nc5 Bf8 31. Nxb7 Qxb7 32. Bxe5 Rxe5 33. Rfd1 Ree8 34. Qb3 Kg7 35. Rc2 Red8 36. h4 h5 37. Bf1 Rd6 38. Qd3 Ra8 39. Rdc1 Kh6 40. Rc5 Kh7 41. Be2 Bg7 42. Kg2 Be5 43. Bf3 Qd7 44. Qc2 Rc8 45. Be2 Qb7 46. Bd3 Bg7 47. Qe2 Ra8 48. Bc2 Bb2 49. Rb1 Ba3 50. Rc3 Bb4 51. Rxb4 d4 52. Rc5 Re8 53. Qd2 1-0

[Event "Teteven op 26th"]
[Site "Teteven"]
[Date "2011.08.16"]
[Round "4"]
[White "Orev, Bozhidar"]
[Black "Monev, Aleksandar"]
[Result "0-1"]
[WhiteElo "1893"]
[BlackElo "2135"]
[PlyCount "54"]
[EventDate "2011.08.13"]
[EventType "swiss"]
[EventRounds "9"]
[EventCountry "BUL"]
[SourceTitle "CBM 143 Extra"]
[Source "ChessBase"]
[SourceDate "2011.08.29"]
[SourceVersion "1"]
[SourceVersionDate "2011.08.29"]
[SourceQuality "1"]

1. e4 c5 2. c3 Nf6 3. e5 Nd5 4. d4 cxd4 5. cxd4 e6 6. Nc3 Nxc3 7. bxc3 Qc7 8. Bd2 d6 9. Nf3 Nd7 10. Bb5 a6 11. Bxd7+ Bxd7 12. 0-0 Bc6 13. Rc1 Bd5 14. Bf4 b5 15. a3 Be7 16. Re1 0-0 17. Nd2 dxe5 18. dxe5 Bxa3 19. Rb1 f6 20. Qg4 fxe5 21. Bxe5 Bd6 22. Bd4 Bxh2+ 23. Kh1 Rf7 24. Nf1 Bf4 25. f3 e5 26. Bf2 Rf6 27. Rbd1 Be6 0-1

[Event "Teteven op 26th"]
[Site "Teteven"]
[Date "2011.08.14"]
[Round "2"]
[White "Kamenov, Valentin"]
[Black "Monev, Aleksandar"]
[Result "0-1"]
[WhiteElo "1821"]
[BlackElo "2135"]
[PlyCount "70"]
[EventDate "2011.08.13"]
[EventType "swiss"]
[EventRounds "9"]
[EventCountry "BUL"]
[SourceTitle "CBM 143 Extra"]
[Source "ChessBase"]
[SourceDate "2011.08.29"]
[SourceVersion "1"]
[SourceVersionDate "2011.08.29"]
[SourceQuality "1"]

1. e4 c5 2. Nf3 d6 3. d4 cxd4 4. Nxd4 Nf6 5. Nc3 a6 6. Be2 e5 7. Nb3 Be7 8. 0-0 0-0 9. Be3 Nc6 10. Qd2 Be6 11. f3 a5 12. a4 Nb4 13. Bb5 d5 14. exd5 Nfxd5 15. Nxd5 Nxd5 16. Bc5 b6 17. Bxe7 Qxe7 18. Nc1 Rad8 19. Qf2 Qc7 20. c3 Nf4 21. Re1 Bc4 22. Qe3 f6 23. g3 Nh3+ 24. Kg2 Bxb5 25. axb5 Ng5 26. Ne2 Rd5 27. b3 Qd7 28. Qxb6 Qh3+ 29. Kh1 Nxf3 30. Qf2 Nxe1 31. Qxe1 Rxb5 32. Qd1 Qf5 33. Kg1 Qf3 34. Qc2 Rd5 35. Ra2 Rfd8 0-1

[Event "Kesarovski Georgiev Memorial 9th"]
[Site "Sunny Beach"]
[Date "2010.09.01"]
[Round "5"]
[White "Monev, Aleksandar"]
[Black "Raeva, Elitsa"]
[Result "1-0"]
[WhiteElo "2107"]
[BlackElo "2286"]
[PlyCount "57"]
[EventDate "2010.08.28"]
[EventType "swiss"]
[EventRounds "9"]
[EventCountry "BUL"]
[SourceTitle "CBM 138 Extra"]
[Source "ChessBase"]
[SourceDate "2010.10.29"]
[SourceVersion "1"]
[SourceVersionDate "2010.10.29"]
[SourceQuality "1"]

1. c4 c5 2. Nc3 Nf6 3. g3 d5 4. cxd5 Nxd5 5. Bg2 Nb6 6. d3 e5 7. Nf3 Nc6 8. 0-0 Be7 9. Nd2 Nd4 10. Nc4 f6 11. f4 exf4 12. Bxf4 0-0 13. e3 Ne6 14. Nxb6 Qxb6 15. Nd5 Qd8 16. e4 Bd6 17. Kh1 Nd4 18. Be3 Be5 19. Rc1 Qd6 20. b4 cxb4 21. Rc4 Nc6 22. Bc5 Qd8 23. Bxf8 Qxf8 24. d4 Bb8 25. e5 Be6 26. exf6 g6 27. Qe2 Qf7 28. Ne7+ Kh8 29. d5 1-0

[Event "Kesarovski Georgiev Memorial 9th"]
[Site "Sunny Beach"]
[Date "2010.08.28"]
[Round "1"]
[White "Monev, Aleksandar"]
[Black "Badik, Yaryna"]
[Result "1-0"]
[WhiteElo "2107"]
[BlackElo "1516"]
[PlyCount "65"]
[EventDate "2010.08.28"]
[EventType "swiss"]
[EventRounds "9"]
[EventCountry "BUL"]
[SourceTitle "CBM 138 Extra"]
[Source "ChessBase"]
[SourceDate "2010.10.29"]
[SourceVersion "1"]
[SourceVersionDate "2010.10.29"]
[SourceQuality "1"]

1. e4 e5 2. Nf3 Nc6 3. Bb5 a6 4. Ba4 d6 5. d4 b5 6. Bb3 Bg4 7. dxe5 Nxe5 8. Nxe5 Bxd1 9. Bxf7+ Ke7 10. Bg5+ Nf6 11. Nc6+ Kxf7 12. Nxd8+ Rxd8 13. Kxd1 Be7 14. Re1 Rd7 15. Nd2 h6 16. Bxf6 Bxf6 17. c3 b4 18. Kc2 Rb8 19. f4 Re7 20. a4 c6 21. Nc4 b3+ 22. Kd3 Rd8 23. Na5 Rc7 24. Ra3 Rb8 25. Rxb3 Rxb3 26. Nxb3 Rb7 27. Kc2 g5 28. g3 c5 29. Na5 Re7 30. Nc4 Rd7 31. e5 Re7 32. Nxd6+ Kf8 33. Ne4 1-0

[Event "The Hopes of the World U14/16 6th"]
[Site "St Constantin and Helena"]
[Date "2009.06.27"]
[Round "6"]
[White "Monev, Aleksandar"]
[Black "Sychev, Klementy"]
[Result "1/2-1/2"]
[WhiteElo "2091"]
[BlackElo "2126"]
[PlyCount "67"]
[EventDate "2009.06.23"]
[EventType "swiss"]
[EventRounds "7"]
[EventCountry "BUL"]
[SourceTitle "EXT 2012"]
[Source "ChessBase"]
[SourceDate "2011.11.24"]
[SourceVersion "1"]
[SourceVersionDate "2011.11.24"]
[SourceQuality "1"]

1. e4 c5 2. Nf3 d6 3. d4 cxd4 4. Nxd4 Nf6 5. Nc3 a6 6. Bd3 g6 7. f4 Bg7 8. Nf3 0-0 9. 0-0 Nbd7 10. Qe1 Nc5 11. Bd2 b5 12. b4 Nxd3 13. cxd3 Bb7 14. h3 Nd7 15. Qf2 Rc8 16. Rac1 e6 17. Rc2 a5 18. a3 axb4 19. axb4 Qb6 20. Qxb6 Nxb6 21. Rfc1 Ba6 22. Be3 Na4 23. Bd4 Bh6 24. g3 e5 25. Be3 Nxc3 26. Rxc3 Rxc3 27. Rxc3 f5 28. Rc6 fxe4 29. dxe4 exf4 30. gxf4 Bb7 31. Rxd6 Bxe4 32. Ng5 Bxg5 33. fxg5 Rf3 34. Bd2 1/2-1/2

[Event "The Hopes of the World U14/16 6th"]
[Site "St Constantin and Helena"]
[Date "2009.06.26"]
[Round "5"]
[White "Peronczyk, Karol"]
[Black "Monev, Aleksandar"]
[Result "0-1"]
[WhiteElo "1632"]
[BlackElo "2091"]
[PlyCount "62"]
[EventDate "2009.06.23"]
[EventType "swiss"]
[EventRounds "7"]
[EventCountry "BUL"]
[SourceTitle "EXT 2012"]
[Source "ChessBase"]
[SourceDate "2011.11.24"]
[SourceVersion "1"]
[SourceVersionDate "2011.11.24"]
[SourceQuality "1"]

1. e4 c5 2. Nf3 e6 3. d4 cxd4 4. Nxd4 Nc6 5. Nc3 Qc7 6. Be2 Nf6 7. 0-0 a6 8. Bg5 Be7 9. Nxc6 bxc6 10. Bd3 0-0 11. Re1 e5 12. Kh1 d6 13. f4 h6 14. fxe5 Ng4 15. Be3 Nxe3 16. Rxe3 dxe5 17. Rg3 Bh4 18. Rf3 Bg4 19. Rxf7 Qxf7 20. Qxg4 Bf6 21. b3 Kh7 22. Bc4 Qg6 23. Qh3 Bg5 24. Be6 Qf6 25. Ne2 Rad8 26. Ng3 g6 27. Bc4 Bh4 28. Rf1 Bxg3 29. hxg3 Qxf1+ 30. Bxf1 Rxf1+ 31. Kh2 Rdd1 0-1